| 000 | 00891cam a2200301 a 4500 | ||
|---|---|---|---|
| 001 | 2379683 | ||
| 003 | OSt | ||
| 005 | 20230606085008.0 | ||
| 008 | 840829t19841980ke 001 0 eng | ||
| 010 | _a 84207271 | ||
| 020 | _a9966465057 | ||
| 040 |
_aDLC _cDLC _dDLC |
||
| 043 | _af-ke--- | ||
| 050 | 0 | 0 |
_aKSK956 _b.H87 1984 |
| 082 | 0 | 0 |
_a346.6762 _bHUS |
| 100 | 1 | _aHussain, Ashiq. | |
| 245 | 1 | 2 |
_aA textbook of company law in Kenya / _cAshiq Hussain. |
| 250 | _aRepr. with incorporation of additional materials in 1984. | ||
| 260 |
_aNairobi : _bHeinemann Educational Books, _c1984, c1980. |
||
| 300 |
_axxii, 218 p. ; _c21 cm. |
||
| 490 | 0 | _aH.E.B. business education series | |
| 500 | _aIncludes index. | ||
| 650 | 0 |
_aCorporation law _zKenya. |
|
| 740 | 0 | _aCompany law in Kenya. | |
| 906 |
_a7 _bcbc _corignew _d2 _encip _f19 _gy-gencatlg |
||
| 942 |
_2ddc _cBK |
||
| 999 |
_c490 _d490 |
||